000 00461nam a2200157 i 4500
001 71229
003 ES-MaACL
005 20230906171054.0
007 t|
008 040806s1965 ag ||||1| spa d
100 1 _aGaviola, Carlos A.
_956086
245 1 3 _aEl poder de la Suprema Corte de los Estados Unidos /
_cCarlos A. Gaviola.
260 _aBuenos Aires :
_bEditora Argentina,
_c1965.
300 _a220 p. ;
_c23 cm.
852 _aES-MaACL
_jC-29581
_bR.59861
999 _c71229
_d71229